[Event "2019 Tom Weston Open Major"]
[Site "Cardiff"]
[Date "2019.04.19"]
[Round "2.12"]
[White "Mason, Edward"]
[Black "Thomas, Roy"]
[Result "1/2-1/2"]
[WhiteElo "1319"]
[BlackElo "1737"]
[PlyCount "98"]
[EventDate "2019.04.19"]
[EventType "swiss"]
[EventRounds "7"]
[EventCountry "WLS"]

1. e4 {[%emt 0:00:02]} c5 {[%emt 0:00:06]} 2. Nf3 {[%emt 0:00:05]} Nc6 {
[%emt 0:00:04]} 3. d4 {[%emt 0:00:06]} cxd4 {[%emt 0:00:06]} 4. Nxd4 {[%emt 0:
00:06]} e5 {[%emt 0:00:08]} 5. Nb5 {[%emt 0:00:19]} d6 {[%emt 0:00:08]} 6. N1c3
{[%emt 0:00:20]} a6 {[%emt 0:00:07]} 7. Na3 {[%emt 0:00:19]} Be7 {[%emt 0:00:
09]} 8. Nd5 {[%emt 0:00:29]} Nf6 {[%emt 0:00:33]} 9. Nxe7 {[%emt 0:00:23]} Qxe7
{[%emt 0:01:33]} 10. Bg5 {[%emt 0:02:09]} b5 {[%emt 0:03:34]} 11. Be2 {[%emt 0:
04:10]} Bb7 {[%emt 0:07:58]} 12. c3 {[%emt 0:06:00]} Rd8 {[%emt 0:05:36]} 13.
Bf3 {[%emt 0:05:30]} O-O {[%emt 0:01:34]} 14. O-O {[%emt 0:00:23]} Qe6 {
[%emt 0:04:39]} 15. Nc2 {[%emt 0:02:42]} Ne7 {[%emt 0:00:40]} 16. Bxf6 {
[%emt 0:01:03]} Qxf6 {[%emt 0:02:52]} 17. Ne3 {[%emt 0:02:12]} Qg6 {[%emt 0:02:
03]} 18. Nd5 {[%emt 0:02:41]} Nxd5 {[%emt 0:00:18]} 19. exd5 {[%emt 0:00:12]}
f5 {[%emt 0:01:30]} 20. Be2 {[%emt 0:04:48]} f4 {[%emt 0:05:01]} 21. f3 {
[%emt 0:02:28]} Rf6 {[%emt 0:02:49]} 22. Bd3 {[%emt 0:06:28]} Qg5 {[%emt 0:00:
15]} 23. Be4 {[%emt 0:00:06]} Rh6 {[%emt 0:01:04]} 24. Qe1 {[%emt 0:04:15]} Qh5
{[%emt 0:01:24]} 25. h3 {[%emt 0:03:02]} Bc8 26. Kf2 {[%emt 0:11:10]} Bb7 27.
Ke2 {[%emt 0:01:49]} Rc8 {[%emt 0:04:15]} 28. Rc1 {[%emt 0:01:13]} Rc4 {
[%emt 0:08:21]} 29. Kf2 {[%emt 0:03:22]} Qf7 {[%emt 0:01:48]} 30. Qd2 {[%emt 0:
04:54]} Qe7 {[%emt 0:00:01]} 31. Ke2 {[%emt 0:02:56]} Rf6 {[%emt 0:06:47]} 32.
b3 {[%emt 0:01:01]} Rc7 {[%emt 0:00:09]} 33. c4 {[%emt 0:01:15]} bxc4 {[%emt 0:
00:46]} 34. Rxc4 {[%emt 0:05:12]} Rxc4 {[%emt 0:00:45]} 35. bxc4 {[%emt 0:00:
05]} Qc7 {[%emt 0:01:19]} 36. Qb4 {[%emt 0:08:35]} Rf7 {[%emt 0:06:35]} 37. Rc1
{[%emt 0:13:15]} g6 {[%emt 0:04:04]} 38. c5 {[%emt 0:00:12]} dxc5 {[%emt 0:00:
25]} 39. Qxc5 {[%emt 0:05:06]} Qxc5 {[%emt 0:00:07]} 40. Rxc5 {[%emt 0:00:19]}
Rd7 41. d6 {[%emt 0:11:37]} Bxe4 {[%emt 0:00:05]} 42. fxe4 {[%emt 0:00:09]}
Rxd6 {[%emt 0:00:32]} 43. Rxe5 {[%emt 0:02:12]} Kf7 {[%emt 0:05:42]} 44. Rd5 {
[%emt 0:02:16]} Ke6 {[%emt 0:05:46]} 45. Kf3 {[%emt 0:08:49]} Rxd5 {[%emt 0:02:
57]} 46. exd5+ {[%emt 0:00:15]} Kxd5 {[%emt 0:00:18]} 47. Kxf4 {[%emt 0:00:05]}
h6 {[%emt 0:02:40]} 48. g4 {[%emt 0:02:34]} a5 {[%emt 0:01:22]} 49. h4 {
[%emt 0:02:13]} Ke6 {[%emt 0:08:01]} 1/2-1/2

[Event "2019 Tom Weston Open Major"]
[Site "Cardiff"]
[Date "2019.04.19"]
[Round "2.13"]
[White "Fox, Chris"]
[Black "Probert, Malcolm"]
[Result "1/2-1/2"]
[WhiteElo "1685"]
[BlackElo "1585"]
[PlyCount "133"]
[EventDate "2019.04.19"]
[EventType "swiss"]
[EventRounds "7"]
[EventCountry "WLS"]

1. d4 {[%emt 0:00:02]} d5 {[%emt 0:00:06]} 2. Nf3 {[%emt 0:00:04]} Nf6 {
[%emt 0:00:08]} 3. Bf4 {[%emt 0:00:07]} g6 {[%emt 0:00:35]} 4. Nc3 {[%emt 0:00:
21]} a6 {[%emt 0:02:50]} 5. e3 {[%emt 0:00:18]} Bg7 {[%emt 0:00:27]} 6. Be2 {
[%emt 0:00:51]} Nbd7 {[%emt 0:00:27]} 7. h3 {[%emt 0:00:34]} c5 {[%emt 0:03:20]
} 8. Ne5 {[%emt 0:00:26]} cxd4 {[%emt 0:07:34]} 9. exd4 {[%emt 0:00:16]} O-O {
[%emt 0:02:10]} 10. O-O {[%emt 0:00:13]} e6 {[%emt 0:01:24]} 11. Qd2 {[%emt 0:
00:58]} Nxe5 {[%emt 0:03:33]} 12. Bxe5 {[%emt 0:00:40]} Nd7 {[%emt 0:07:14]}
13. Bxg7 {[%emt 0:00:56]} Kxg7 {[%emt 0:00:08]} 14. Bf3 {[%emt 0:00:55]} Qc7 {
[%emt 0:03:57]} 15. Rfe1 {[%emt 0:02:10]} b5 {[%emt 0:00:44]} 16. a3 {[%emt 0:
01:35]} Bb7 {[%emt 0:00:29]} 17. Rad1 {[%emt 0:01:08]} Rac8 {[%emt 0:00:35]}
18. Re2 {[%emt 0:01:29]} Nb6 {[%emt 0:01:11]} 19. Qc1 {[%emt 0:03:25]} Nc4 {
[%emt 0:02:03]} 20. Rd3 {[%emt 0:03:49]} Nd6 {[%emt 0:06:14]} 21. Qf4 {[%emt 0:
05:29]} Nc4 {[%emt 0:03:31]} 22. Qxc7 {[%emt 0:00:33]} Rxc7 {[%emt 0:00:07]}
23. Nd1 {[%emt 0:00:50]} Rfc8 {[%emt 0:00:45]} 24. c3 {[%emt 0:00:33]} a5 {
[%emt 0:03:21]} 25. Ne3 {[%emt 0:01:37]} Nb6 {[%emt 0:04:52]} 26. Rd1 {[%emt 0:
04:19]} Ba6 {[%emt 0:03:59]} 27. Red2 {[%emt 0:01:08]} Nc4 {[%emt 0:00:53]} 28.
Nxc4 {[%emt 0:00:33]} bxc4 {[%emt 0:00:25]} 29. Re1 {[%emt 0:00:19]} Rb8 {
[%emt 0:00:48]} 30. Bd1 {[%emt 0:00:26]} Rcb7 {[%emt 0:00:20]} 31. Ree2 {
[%emt 0:00:28]} Rb6 {[%emt 0:01:13]} 32. f4 {[%emt 0:00:19]} Kf6 {[%emt 0:01:
37]} 33. Kf2 {[%emt 0:00:30]} Ke7 {[%emt 0:02:04]} 34. g4 {[%emt 0:00:46]} f5 {
[%emt 0:01:27]} 35. Kg3 {[%emt 0:00:43]} fxg4 {[%emt 0:01:07]} 36. hxg4 {
[%emt 0:00:09]} Kf6 {[%emt 0:04:58]} 37. g5+ {[%emt 0:02:07]} Kg7 {[%emt 0:01:
20]} 38. Rh2 {[%emt 0:00:31]} Rh8 {[%emt 0:05:02]} 39. Bg4 {[%emt 0:01:24]} Bc8
{[%emt 0:00:43]} 40. Rhe2 {[%emt 0:01:13]} Kf7 {[%emt 0:02:03]} 41. Re5 {
[%emt 0:01:17]} Bd7 {[%emt 0:06:08]} 42. Rde2 {[%emt 0:00:31]} Re8 {[%emt 0:00:
29]} 43. Kf3 {[%emt 0:02:30]} Kf8 {[%emt 0:01:53]} 44. Rh2 {[%emt 0:03:29]} Kg7
{[%emt 0:00:53]} 45. Ree2 {[%emt 0:01:04]} Kg8 {[%emt 0:01:47]} 46. Kg3 {
[%emt 0:01:31]} Kg7 {[%emt 0:00:39]} 47. Rh6 {[%emt 0:00:20]} Kg8 {[%emt 0:02:
55]} 48. f5 {[%emt 0:05:23]} exf5 {[%emt 0:02:26]} 49. Rxe8+ {[%emt 0:00:16]}
Bxe8 {[%emt 0:00:07]} 50. Bxf5 {[%emt 0:00:34]} Rxb2 {[%emt 0:00:34]} 51. Be6+
{[%emt 0:00:21]} Kg7 {[%emt 0:03:02]} 52. Bxd5 {[%emt 0:03:53]} Rb3 {[%emt 0:
00:09]} 53. Rh2 {[%emt 0:02:25]} Rxc3+ {[%emt 0:00:18]} 54. Kf4 {[%emt 0:00:26]
} Rxa3 {[%emt 0:12:37]} 55. Rc2 {[%emt 0:03:49]} Ra4 {[%emt 0:02:11]} 56. Rxc4
{[%emt 0:01:48]} Rxc4 {[%emt 0:00:32]} 57. Bxc4 {[%emt 0:00:08]} Bf7 {[%emt 0:
01:13]} 58. d5 {[%emt 0:00:11]} h5 {[%emt 0:02:02]} 59. gxh6+ {[%emt 0:00:19]}
Kxh6 {[%emt 0:01:09]} 60. d6 {[%emt 0:01:07]} Be8 {[%emt 0:00:45]} 61. Be6 {
[%emt 0:01:25]} a4 {[%emt 0:00:30]} 62. d7 {[%emt 0:00:32]} Bxd7 {[%emt 0:00:
11]} 63. Bxd7 {[%emt 0:00:06]} a3 {[%emt 0:00:10]} 64. Be6 {[%emt 0:00:07]} Kh5
{[%emt 0:00:07]} 65. Bf7 {[%emt 0:00:29]} Kh4 {[%emt 0:01:11]} 66. Kf3 {
[%emt 0:01:14]} g5 {[%emt 0:01:55]} 67. Kg2 {[%emt 0:00:23]} 1/2-1/2

[Event "2019 Tom Weston Open Major"]
[Site "Cardiff"]
[Date "2019.04.19"]
[Round "2.14"]
[White "Evans, Thomas"]
[Black "Bennett, Tom"]
[Result "1-0"]
[WhiteElo "1650"]
[BlackElo "1566"]
[PlyCount "111"]
[EventDate "2019.04.19"]
[EventType "swiss"]
[EventRounds "7"]
[EventCountry "WLS"]

1. e4 c5 2. Nf3 Nc6 3. Bb5 g6 4. Bxc6 bxc6 5. O-O Bg7 6. Re1 d6 7. h3 Nf6 8. d3
O-O 9. Nc3 Nd7 10. Bg5 Ne5 11. Nh2 f6 12. Bf4 Nf7 13. Bd2 Rb8 14. Rb1 d5 15. f4
e5 16. g4 exf4 17. Bxf4 Ne5 18. Nf3 Re8 19. Nxe5 fxe5 20. Bg3 Ba6 21. b3 c4 22.
d4 cxb3 23. axb3 Rb4 24. dxe5 Bxe5 25. Bxe5 Rxe5 26. exd5 Qb6+ 27. Kg2 Rd4 28.
Qf3 Rd2+ 29. Kg3 Qc7 30. Rxe5 Qxe5+ 31. Kh4 g5+ 32. Kh5 Bc8 33. Rf1 Qg7 34. Qf6
Qxf6 35. Rxf6 cxd5 36. Rd6 Rf2 37. Rd8+ Rf8 38. Rxf8+ Kxf8 39. Nxd5 Kf7 40.
Kxg5 Kg7 41. Kf4 Bb7 42. Ne3 Kg6 43. h4 h6 44. Nc4 Bc8 45. Ne5+ Kf6 46. b4 Be6
47. c4 a6 48. c5 Bc8 49. Ke4 Ke6 50. g5 hxg5 51. hxg5 Ke7 52. Kd5 Be6+ 53. Kc6
Bh3 54. Kb6 Bf1 55. c6 Ke6 56. c7 1-0

[Event "2019 Tom Weston Open Major"]
[Site "Cardiff"]
[Date "2019.04.19"]
[Round "2.15"]
[White "Williams, Gavin"]
[Black "O`rourke, Kevin"]
[Result "1-0"]
[WhiteElo "1646"]
[BlackElo "1253"]
[PlyCount "57"]
[EventDate "2019.04.19"]
[EventType "swiss"]
[EventRounds "7"]
[EventCountry "WLS"]

1. e4 e5 2. Bc4 Nf6 3. d3 h6 4. Nc3 Nc6 5. f4 d6 6. Nf3 Bg4 7. h3 Bxf3 8. Qxf3
Nd4 9. Qf2 a6 10. a3 Qe7 11. Be3 c5 12. Nd5 Nxd5 13. Bxd5 O-O-O 14. c3 Nb5 15.
O-O Nc7 16. Ba2 Ne6 17. fxe5 g5 18. exd6 Qxd6 19. Qxf7 Nf4 20. Bxf4 gxf4 21.
Bd5 Rd7 22. Be6 Be7 23. Bxd7+ Kxd7 24. Qxf4 Qb6 25. Qf5+ Kd8 26. Kh1 Rf8 27.
Qd5+ Bd6 28. Rxf8+ Ke7 29. Qf7# 1-0

[Event "2019 Tom Weston Open Major"]
[Site "Cardiff"]
[Date "2019.04.19"]
[Round "2.16"]
[White "Sipho, Donovon"]
[Black "Williams, Stephen"]
[Result "1/2-1/2"]
[WhiteElo "1486"]
[BlackElo "1644"]
[PlyCount "125"]
[EventDate "2019.04.19"]
[EventType "swiss"]
[EventRounds "7"]
[EventCountry "WLS"]

1. d4 d5 2. c4 c6 3. cxd5 cxd5 4. Nc3 Nf6 5. Nf3 Nc6 6. Bf4 a6 7. e3 Bg4 8. h3
Bxf3 9. Qxf3 e6 10. Bg5 Be7 11. a3 Rc8 12. Bd3 O-O 13. Bxf6 Bxf6 14. O-O Be7
15. Qh5 f5 16. f4 Rf6 17. Qd1 Na5 18. Rc1 Nc4 19. Qe2 b5 20. Bxc4 bxc4 21. Qc2
Qb6 22. Na4 Qb5 23. Rb1 Rb8 24. Nc3 Qb3 25. Rfc1 Rff8 26. Qxb3 Rxb3 27. Nd1
Rfb8 28. Rc3 Bxa3 29. Rxb3 Rxb3 30. Ra1 Bxb2 31. Nxb2 Rxb2 32. Rxa6 c3 33. Kh2
Kf7 34. Rc6 c2 35. Kg3 Kf6 36. Kf3 g5 37. g4 gxf4 38. Kxf4 fxg4 39. Kxg4 Rb8
40. Kf4 Rb2 41. h4 h5 42. Kf3 Kf5 43. Rc5 e5 44. dxe5 Kxe5 45. Rc8 Rb4 46. Rxc2
Rxh4 47. Kg3 Rc4 48. Rh2 h4+ 49. Kf3 Re4 50. Rh3 Kf5 51. Rh1 Rg4 52. Rh3 d4 53.
exd4 Rxd4 54. Rh1 Rf4+ 55. Kg2 Kg4 56. Ra1 h3+ 57. Kh1 Rf2 58. Ra4+ Kg5 59.
Ra5+ Kf4 60. Ra4+ Kg3 61. Ra3+ Rf3 62. Rxf3+ Kxf3 63. Kh2 1/2-1/2

[Event "2019 Tom Weston Open Major"]
[Site "Cardiff"]
[Date "2019.04.20"]
[Round "3.1"]
[White "Buttell, David"]
[Black "Summers, Charles"]
[Result "1/2-1/2"]
[WhiteElo "1809"]
[BlackElo "1859"]
[PlyCount "48"]
[EventDate "2019.04.19"]
[EventType "swiss"]
[EventRounds "7"]
[EventCountry "WLS"]

1. d4 {[%emt 0:00:08]} Nf6 {[%emt 0:01:02]} 2. c4 {[%emt 0:00:07]} b6 {[%emt 0:
00:11]} 3. Nf3 {[%emt 0:00:15]} Bb7 {[%emt 0:00:11]} 4. g3 {[%emt 0:00:33]} g6
{[%emt 0:00:11]} 5. Bg2 {[%emt 0:00:06]} Bg7 {[%emt 0:00:20]} 6. O-O {[%emt 0:
00:08]} O-O {[%emt 0:00:37]} 7. Nbd2 {[%emt 0:02:21]} d6 {[%emt 0:03:28]} 8.
Qc2 {[%emt 0:03:34]} Na6 {[%emt 0:05:29]} 9. a3 {[%emt 0:02:05]} c5 {[%emt 0:
02:01]} 10. d5 {[%emt 0:00:31]} Nc7 {[%emt 0:01:45]} 11. a4 {[%emt 0:01:24]} e5
{[%emt 0:11:22]} 12. e4 {[%emt 0:01:05]} Na6 {[%emt 0:03:38]} 13. Ne1 {[%emt 0:
03:17]} Nh5 {[%emt 0:06:42]} 14. Nd3 {[%emt 0:03:34]} f5 {[%emt 0:02:56]} 15.
b3 {[%emt 0:01:58]} Bc8 {[%emt 0:11:11]} 16. Bb2 {[%emt 0:01:52]} f4 {[%emt 0:
01:58]} 17. Bc3 {[%emt 0:05:56]} Bd7 {[%emt 0:05:57]} 18. Qd1 {[%emt 0:26:13]}
Qc8 {[%emt 0:03:44]} 19. Bf3 {[%emt 0:01:41]} Bh3 {[%emt 0:02:27]} 20. Re1 {
[%emt 0:04:00]} fxg3 {[%emt 0:02:19]} 21. hxg3 {[%emt 0:02:34]} Nf6 {[%emt 0:
01:29]} 22. Bg2 {[%emt 0:01:47]} h5 {[%emt 0:02:39]} 23. f3 {[%emt 0:03:43]} g5
{[%emt 0:08:50]} 24. Nf2 {[%emt 0:01:52]} Bd7 {[%emt 0:01:15]} 1/2-1/2

[Event "2019 Tom Weston Open Major"]
[Site "Cardiff"]
[Date "2019.04.20"]
[Round "3.2"]
[White "Phillips, William"]
[Black "Van Veelen, Thomas"]
[Result "1-0"]
[WhiteElo "1843"]
[BlackElo "2056"]
[PlyCount "81"]
[EventDate "2019.04.19"]
[EventType "swiss"]
[EventRounds "7"]
[EventCountry "WLS"]

1. d4 {[%emt 0:00:03]} d5 {[%emt 0:00:09]} 2. Nf3 {[%emt 0:00:07]} Nf6 {
[%emt 0:00:11]} 3. c4 {[%emt 0:00:15]} c6 {[%emt 0:00:03]} 4. Nc3 {[%emt 0:01:
56]} e6 {[%emt 0:00:07]} 5. Bg5 {[%emt 0:00:20]} h6 {[%emt 0:00:37]} 6. Bxf6 {
[%emt 0:01:58]} Qxf6 {[%emt 0:00:06]} 7. e3 {[%emt 0:00:07]} g6 {[%emt 0:00:35]
} 8. Bd3 {[%emt 0:00:46]} Bg7 {[%emt 0:00:27]} 9. O-O {[%emt 0:02:24]} dxc4 {
[%emt 0:15:30]} 10. Bxc4 {[%emt 0:00:17]} Nd7 {[%emt 0:00:07]} 11. e4 {[%emt 0:
11:46]} O-O {[%emt 0:00:44]} 12. e5 {[%emt 0:08:31]} Qe7 {[%emt 0:01:13]} 13.
Ne4 {[%emt 0:09:47]} Rd8 {[%emt 0:00:55]} 14. Qe2 {[%emt 0:04:20]} c5 {[%emt 0:
23:00]} 15. Nxc5 {[%emt 0:07:53]} Nxc5 {[%emt 0:00:18]} 16. dxc5 {[%emt 0:00:
09]} Qxc5 {[%emt 0:00:08]} 17. Rfd1 {[%emt 0:04:12]} Bd7 {[%emt 0:00:42]} 18.
Rac1 {[%emt 0:03:58]} Qa5 {[%emt 0:03:07]} 19. Rd6 {[%emt 0:12:33]} Bc6 {
[%emt 0:04:20]} 20. Rcd1 {[%emt 0:02:08]} Rxd6 {[%emt 0:10:25]} 21. exd6 {
[%emt 0:03:05]} Rd8 {[%emt 0:00:34]} 22. Nd4 {[%emt 0:04:21]} Rxd6 {[%emt 0:11:
57]} 23. Nxc6 {[%emt 0:01:24]} Rxc6 {[%emt 0:00:07]} 24. b3 {[%emt 0:01:45]}
Rc5 {[%emt 0:09:25]} 25. a4 {[%emt 0:03:43]} a6 {[%emt 0:02:52]} 26. Qf3 {
[%emt 0:00:47]} Qc7 {[%emt 0:00:49]} 27. Qd3 {[%emt 0:00:37]} Be5 {[%emt 0:03:
48]} 28. Qd8+ {[%emt 0:00:38]} Qxd8 {[%emt 0:00:43]} 29. Rxd8+ {[%emt 0:00:10]}
Kg7 {[%emt 0:00:04]} 30. g3 {[%emt 0:01:20]} b5 {[%emt 0:01:48]} 31. axb5 {
[%emt 0:00:23]} axb5 {[%emt 0:00:04]} 32. Bf1 {[%emt 0:01:10]} b4 {[%emt 0:01:
35]} 33. Bc4 {[%emt 0:00:47]} Kf6 {[%emt 0:02:34]} 34. Rd7 {[%emt 0:00:27]} Bc3
{[%emt 0:03:06]} 35. Kg2 {[%emt 0:02:28]} g5 {[%emt 0:04:02]} 36. g4 {[%emt 0:
02:55]} Rxc4 {[%emt 0:01:47]} 37. bxc4 {[%emt 0:00:18]} b3 {[%emt 0:00:04]} 38.
Rb7 {[%emt 0:01:20]} b2 {[%emt 0:00:01]} 39. c5 {[%emt 0:01:52]} Be5 {[%emt 0:
01:27]} 40. c6 {[%emt 0:00:19]} Kg6 {[%emt 0:00:26]} 41. Rxb2 {[%emt 0:00:57]}
1-0

[Event "2019 Tom Weston Open Major"]
[Site "Cardiff"]
[Date "2019.04.20"]
[Round "3.3"]
[White "Quinn, Peter"]
[Black "Roberts, David L"]
[Result "1-0"]
[WhiteElo "1784"]
[BlackElo "1999"]
[PlyCount "97"]
[EventDate "2019.04.19"]
[EventType "swiss"]
[EventRounds "7"]
[EventCountry "WLS"]

1. e4 {[%emt 0:00:07]} e5 {[%emt 0:00:07]} 2. Nf3 {[%emt 0:00:26]} Nc6 {
[%emt 0:00:04]} 3. Bc4 {[%emt 0:00:35]} Nf6 {[%emt 0:00:08]} 4. d3 {[%emt 0:00:
35]} Be7 {[%emt 0:00:27]} 5. c3 {[%emt 0:00:40]} d6 {[%emt 0:01:09]} 6. O-O {
[%emt 0:01:03]} O-O {[%emt 0:00:25]} 7. Bb3 {[%emt 0:00:27]} Kh8 {[%emt 0:01:
12]} 8. Re1 {[%emt 0:00:43]} Ng8 {[%emt 0:03:55]} 9. Nbd2 {[%emt 0:02:55]} f5 {
[%emt 0:01:16]} 10. exf5 {[%emt 0:03:52]} Bxf5 {[%emt 0:00:26]} 11. Nf1 {
[%emt 0:04:04]} h6 {[%emt 0:06:47]} 12. h3 {[%emt 0:01:16]} Nf6 {[%emt 0:01:41]
} 13. Ng3 {[%emt 0:00:54]} Bh7 {[%emt 0:01:05]} 14. Bc2 {[%emt 0:05:55]} d5 {
[%emt 0:23:01]} 15. Nxe5 {[%emt 0:07:04]} Nxe5 {[%emt 0:00:26]} 16. Rxe5 {
[%emt 0:00:38]} Bd6 {[%emt 0:01:49]} 17. Re2 {[%emt 0:04:15]} Bxg3 {[%emt 0:07:
34]} 18. fxg3 {[%emt 0:00:17]} Nh5 {[%emt 0:01:06]} 19. g4 {[%emt 0:02:00]} Ng3
{[%emt 0:02:49]} 20. Re1 {[%emt 0:05:30]} Qf6 {[%emt 0:02:55]} 21. Be3 {
[%emt 0:07:35]} b6 {[%emt 0:09:51]} 22. Bd4 {[%emt 0:07:03]} Qh4 {[%emt 0:06:
44]} 23. Qd2 {[%emt 0:12:12]} h5 {[%emt 0:08:12]} 24. Qh6 {[%emt 0:10:25]} Rf7
{[%emt 0:01:53]} 25. Be5 {[%emt 0:01:33]} Kg8 {[%emt 0:02:51]} 26. Qe3 {
[%emt 0:00:29]} Nh1 {[%emt 0:07:28]} 27. Kxh1 {[%emt 0:02:17]} hxg4 {[%emt 0:
00:05]} 28. Qg3 {[%emt 0:01:08]} Qh6 {[%emt 0:00:36]} 29. Re2 {[%emt 0:01:00]}
Bf5 {[%emt 0:00:24]} 30. d4 {[%emt 0:01:14]} gxh3 {[%emt 0:00:20]} 31. Bxf5 {
[%emt 0:01:03]} hxg2+ {[%emt 0:00:15]} 32. Kxg2 {[%emt 0:00:14]} Rxf5 {[%emt 0:
00:10]} 33. Rh1 {[%emt 0:01:27]} Qg5 {[%emt 0:00:58]} 34. Qxg5 {[%emt 0:01:31]}
Rxg5+ {[%emt 0:00:06]} 35. Kf1 {[%emt 0:00:32]} c6 {[%emt 0:00:21]} 36. Reh2 {
[%emt 0:00:22]} Rf8+ {[%emt 0:00:53]} 37. Ke1 {[%emt 0:00:22]} Rf3 {[%emt 0:00:
55]} 38. Rh8+ {[%emt 0:01:02]} Kf7 {[%emt 0:00:08]} 39. Rf1 {[%emt 0:00:15]}
Rxf1+ {[%emt 0:01:53]} 40. Kxf1 {[%emt 0:00:07]} c5 {[%emt 0:01:17]} 41. Rh2 {
[%emt 0:00:30]} cxd4 {[%emt 0:00:56]} 42. Bxd4 {[%emt 0:01:22]} Ke6 {[%emt 0:
00:37]} 43. Rg2 {[%emt 0:00:35]} Rf5+ {[%emt 0:00:20]} 44. Ke2 {[%emt 0:00:21]}
g5 {[%emt 0:00:25]} 45. Kd2 {[%emt 0:00:44]} Kf7 {[%emt 0:01:06]} 46. Rf2 {
[%emt 0:00:09]} Kg6 {[%emt 0:00:17]} 47. Rxf5 {[%emt 0:00:52]} Kxf5 {[%emt 0:
00:06]} 48. Ke3 {[%emt 0:00:11]} g4 {[%emt 0:00:25]} 49. a4 {[%emt 0:00:18]}
1-0

[Event "2019 Tom Weston Open Major"]
[Site "Cardiff"]
[Date "2019.04.20"]
[Round "3.4"]
[White "Simpson, Rui"]
[Black "Robinson, David"]
[Result "1/2-1/2"]
[WhiteElo "1718"]
[BlackElo "1905"]
[PlyCount "77"]
[EventDate "2019.04.19"]
[EventType "swiss"]
[EventRounds "7"]
[EventCountry "WLS"]

1. c4 {[%emt 0:01:02]} Nc6 {[%emt 0:02:05]} 2. d4 {[%emt 0:02:00]} d5 {[%emt 0:
00:50]} 3. cxd5 {[%emt 0:02:54]} Qxd5 {[%emt 0:00:25]} 4. e3 {[%emt 0:00:18]}
e5 {[%emt 0:00:40]} 5. Nc3 {[%emt 0:03:10]} Bb4 {[%emt 0:00:43]} 6. a3 {
[%emt 0:01:31]} Bxc3+ {[%emt 0:00:47]} 7. bxc3 {[%emt 0:00:03]} Qd6 {[%emt 0:
01:39]} 8. Nf3 {[%emt 0:04:17]} e4 {[%emt 0:04:41]} 9. Nd2 {[%emt 0:01:17]} Nf6
{[%emt 0:03:05]} 10. a4 {[%emt 0:01:54]} Bg4 {[%emt 0:03:20]} 11. Be2 {[%emt 0:
01:36]} Bxe2 {[%emt 0:03:39]} 12. Qxe2 {[%emt 0:00:03]} Qd7 {[%emt 0:00:41]}
13. Ba3 {[%emt 0:04:48]} Ne7 {[%emt 0:01:10]} 14. Qb5 {[%emt 0:01:07]} O-O-O {
[%emt 0:28:59]} 15. Bxe7 {[%emt 0:00:09]} Qxe7 16. O-O {[%emt 0:03:32]} Rd5 17.
Qb3 {[%emt 0:10:40]} h5 18. Rfb1 {[%emt 0:07:46]} c6 {[%emt 0:05:38]} 19. c4 {
[%emt 0:00:11]} Rd7 {[%emt 0:03:19]} 20. c5 {[%emt 0:06:10]} Qe6 21. Nc4 {
[%emt 0:14:01]} Kd8 22. Nd6 {[%emt 0:07:37]} Nd5 23. Nxb7+ {[%emt 0:04:23]} Ke7
24. Nd6 {[%emt 0:02:51]} f5 {[%emt 0:00:43]} 25. Qc2 {[%emt 0:10:22]} Kf6 {
[%emt 0:04:43]} 26. Ra3 {[%emt 0:01:34]} g5 {[%emt 0:02:04]} 27. Rab3 {[%emt 0:
02:11]} Rhh7 28. Rb8 {[%emt 0:03:18]} Kg6 {[%emt 0:02:11]} 29. Qe2 {[%emt 0:02:
10]} Nc3 30. Qa6 {[%emt 0:02:08]} Nxb1 {[%emt 0:00:49]} 31. Rxb1 {[%emt 0:02:
02]} Qa2 {[%emt 0:01:34]} 32. Rf1 {[%emt 0:02:24]} Qd5 33. Rb1 {[%emt 0:04:46]}
Rd8 {[%emt 0:00:57]} 34. Rb7 {[%emt 0:00:50]} Rdd7 35. Rxd7 {[%emt 0:02:30]}
Rxd7 {[%emt 0:00:09]} 36. Qc8 {[%emt 0:03:45]} Rg7 {[%emt 0:01:16]} 37. Qe8+ {
[%emt 0:00:22]} Kh6 38. Qh8+ {[%emt 0:00:58]} Kg6 39. Qe8+ {[%emt 0:01:22]}
1/2-1/2

[Event "2019 Tom Weston Open Major"]
[Site "Cardiff"]
[Date "2019.04.20"]
[Round "3.5"]
[White "Timmins, Chris P"]
[Black "Lewis, David"]
[Result "1-0"]
[WhiteElo "1888"]
[BlackElo "1558"]
[PlyCount "109"]
[EventDate "2019.04.19"]
[EventType "swiss"]
[EventRounds "7"]
[EventCountry "WLS"]

1. e4 {[%emt 0:00:02]} c5 {[%emt 0:02:09]} 2. Nf3 {[%emt 0:00:19]} d6 {[%emt 0:
00:40]} 3. d4 {[%emt 0:00:16]} cxd4 {[%emt 0:00:27]} 4. Nxd4 {[%emt 0:00:11]}
Nf6 {[%emt 0:00:35]} 5. Nc3 {[%emt 0:00:13]} a6 {[%emt 0:01:17]} 6. Be2 {
[%emt 0:00:18]} e6 {[%emt 0:11:33]} 7. a4 {[%emt 0:01:42]} Be7 {[%emt 0:05:48]}
8. O-O {[%emt 0:00:26]} O-O {[%emt 0:01:17]} 9. f4 {[%emt 0:01:27]} Qc7 {
[%emt 0:06:24]} 10. Kh1 {[%emt 0:01:00]} Nbd7 {[%emt 0:05:13]} 11. Qe1 {
[%emt 0:06:16]} Nb6 {[%emt 0:05:47]} 12. Qg3 {[%emt 0:04:39]} d5 {[%emt 0:14:
03]} 13. Bd3 {[%emt 0:04:56]} Rd8 {[%emt 0:04:43]} 14. e5 {[%emt 0:04:25]} Ne4
{[%emt 0:02:17]} 15. Qh3 {[%emt 0:01:46]} g6 {[%emt 0:01:10]} 16. Bxe4 {
[%emt 0:18:17]} dxe4 {[%emt 0:00:14]} 17. Be3 {[%emt 0:01:05]} Nd5 {[%emt 0:08:
20]} 18. Nxe4 {[%emt 0:04:12]} Qd7 {[%emt 0:15:47]} 19. Bg1 {[%emt 0:09:23]} f5
{[%emt 0:04:35]} 20. exf6 {[%emt 0:05:47]} Nxf6 {[%emt 0:00:26]} 21. Ng5 {
[%emt 0:06:03]} Re8 {[%emt 0:04:36]} 22. Qxe6+ {[%emt 0:02:50]} Qxe6 {[%emt 0:
00:21]} 23. Ngxe6 {[%emt 0:01:57]} Bd6 {[%emt 0:00:58]} 24. Rae1 {[%emt 0:06:
02]} Bd7 {[%emt 0:01:02]} 25. b3 {[%emt 0:00:37]} Rac8 {[%emt 0:00:24]} 26. c4
{[%emt 0:01:03]} Bb4 {[%emt 0:00:39]} 27. Re2 {[%emt 0:01:28]} h6 {[%emt 0:00:
34]} 28. f5 {[%emt 0:01:49]} gxf5 {[%emt 0:01:00]} 29. Rxf5 {[%emt 0:00:28]}
Kf7 {[%emt 0:01:10]} 30. Rfe5 {[%emt 0:04:56]} Bd6 {[%emt 0:01:08]} 31. R5e3 {
[%emt 0:00:33]} Ng4 {[%emt 0:00:50]} 32. Rf3+ {[%emt 0:00:25]} Nf6 {[%emt 0:00:
27]} 33. Nf4 {[%emt 0:00:41]} Be5 {[%emt 0:00:48]} 34. Rxe5 {[%emt 0:03:21]}
Rxe5 {[%emt 0:00:12]} 35. Nd5 {[%emt 0:00:10]} Rxd5 {[%emt 0:00:56]} 36. cxd5 {
[%emt 0:00:37]} Kg6 {[%emt 0:00:33]} 37. Rg3+ {[%emt 0:04:19]} Kf7 {[%emt 0:00:
18]} 38. Be3 {[%emt 0:00:50]} Nxd5 {[%emt 0:00:19]} 39. Bxh6 {[%emt 0:00:22]}
Rg8 {[%emt 0:01:09]} 40. Rxg8 {[%emt 0:01:05]} Kxg8 {[%emt 0:00:01]} 41. Kg1 {
[%emt 0:01:16]} Kh7 {[%emt 0:00:17]} 42. Bc1 {[%emt 0:02:02]} Nb4 {[%emt 0:00:
40]} 43. Kf1 {[%emt 0:00:42]} Nc6 {[%emt 0:01:58]} 44. Nxc6 {[%emt 0:05:25]}
Bxc6 {[%emt 0:00:02]} 45. g4 {[%emt 0:00:48]} Bf3 {[%emt 0:00:51]} 46. h3 {
[%emt 0:00:30]} Bd1 {[%emt 0:00:11]} 47. a5 {[%emt 0:00:08]} Bxb3 {[%emt 0:00:
13]} 48. Kf2 {[%emt 0:00:27]} Be6 {[%emt 0:04:57]} 49. Kg3 {[%emt 0:00:10]} Kg6
{[%emt 0:01:55]} 50. h4 {[%emt 0:00:37]} Bb3 {[%emt 0:00:12]} 51. h5+ {[%emt 0:
00:23]} Kf7 {[%emt 0:00:39]} 52. g5 {[%emt 0:01:50]} Bc2 {[%emt 0:03:01]} 53.
Kf4 {[%emt 0:01:54]} Bd3 {[%emt 0:01:34]} 54. g6+ {[%emt 0:00:37]} Kg8 {
[%emt 0:00:53]} 55. Kg5 {[%emt 0:00:15]} 1-0